000 00679cam a22002533a 4500
001 32104
003 PGUSA
005 20140828083708.0
008 100423s2010||||xxu|||||s|||||000 1 eng d
040 _aPGUSA
_beng
042 _adc
050 4 _aPS
100 1 _aCoppel, Alfred,
_d1921-2004
245 1 0 _aTurning Point
_h[electronic resource] /
_cAlfred Coppel
260 _bProject Gutenberg,
_c2010
506 _aPublic domain in the USA.
516 _aElectronic text
653 _aShort stories
653 _aScience fiction
700 1 _aParsons, Philip B.
830 0 _aProject Gutenberg
_v32104
856 4 0 _uhttp://www.gutenberg.org/ebooks/32104
942 _cEB
999 _c261359
_d261359